| 000 | 00542nam a2200217Ia 4500 | ||
|---|---|---|---|
| 003 | LK-CoDNM | ||
| 008 | 010623t1950 xxu||||| |||| 00| 1 eng d | ||
| 040 |
_aLK-CoDNM _dLK-CoDNM _eLK-CoDNM |
||
| 041 | _aeng | ||
| 100 | _aMaitland,F.W | ||
| 245 | _aThe Constitutional History of England | ||
| 260 |
_bThe University Press _aCambridge _c1950 |
||
| 300 | _bxxviii,548p., 21 cm | ||
| 650 | _aArmy | ||
| 650 | _aCentral Government | ||
| 650 | _aHenry VII | ||
| 650 | _aKing | ||
| 650 | _aLand law | ||
| 650 | _aParliment | ||
| 942 | _cBK | ||
| 999 |
_c101824 _d101824 |
||